000 00311 a2200145 4500
001 152511
040 _cEscola São Tomás de Aquino
100 _aBANDEIRA, Manuel
240 1 0 _aEstrela da tarde
_lpor
245 1 0 _aEstrela da tarde
362 0 _a2012
440 1 _aGlobal
697 _aPoesia
942 _cBK
999 _c152511
_d152511